000 00938nam a2200253 i 4500
001 67306
003 ES-MaACL
005 20250821042550.0
007 t|
008 040518s2003 sp ||||0| spa d
020 _a84-7522-915-8
040 _aM-BN
_bspa
_cM-BN
080 _a316.7:82
245 0 0 _aLiteratura y compromiso social /
_cF. Benítez Reyes ... [et al.].
260 _aMadrid :
_bVisor Libros,
_c[2003]
300 _a133 p. ;
_c22 cm.
490 1 _aVisor literario ;
_v7
500 _aSe inscribe en los encuentros literarios que la Escuela Julián Besteiro y el Instituto de Formación y Estudios Sociales, conjuntamente con la Universidad Autónoma de Madrid celebraron en el 2000.
650 1 7 _aLiteratura y sociedad
_2embne
_914679
700 1 _aBenítez Reyes, Felipe,
_d1960-
_927647
830 0 _aVisor literario ;
_v7
_9182437
852 _aES-MaACL
_jL-27519
_bR.133115
999 _c67306
_d67306